<?xml version="1.0" encoding="UTF-8"?>
<record
    xmlns:xsi="http://www.w3.org/2001/XMLSchema-instance"
    xsi:schemaLocation="http://www.loc.gov/MARC21/slim http://www.loc.gov/standards/marcxml/schema/MARC21slim.xsd"
    xmlns="http://www.loc.gov/MARC21/slim">

  <leader>01745nam a2200301 a 4500</leader>
  <controlfield tag="001">000007394</controlfield>
  <controlfield tag="003">DO-SdBNP</controlfield>
  <controlfield tag="005">20211125115443.0</controlfield>
  <controlfield tag="008">090908s2004    dr ad         001 0 spa d</controlfield>
  <datafield tag="020" ind1=" " ind2=" ">
    <subfield code="a">9993424110</subfield>
  </datafield>
  <datafield tag="040" ind1=" " ind2=" ">
    <subfield code="a">DO-SdBNP</subfield>
    <subfield code="b">spa</subfield>
    <subfield code="c">BNPHU</subfield>
  </datafield>
  <datafield tag="082" ind1=" " ind2=" ">
    <subfield code="a">303.6</subfield>
    <subfield code="b">C387v</subfield>
  </datafield>
  <datafield tag="100" ind1="1" ind2=" ">
    <subfield code="a">Ceballos D&#xED;az, Rita Mar&#xED;a</subfield>
    <subfield code="9">20542</subfield>
  </datafield>
  <datafield tag="245" ind1="1" ind2="0">
    <subfield code="a">Violencia y comunidad en un mundo globalizado :</subfield>
    <subfield code="b">estudio sobre la violencia en los barrios empobrecidos de la ciudad de Santo Domingo /</subfield>
    <subfield code="c">Rita Ceballos.</subfield>
  </datafield>
  <datafield tag="260" ind1=" " ind2=" ">
    <subfield code="a">Santo Domingo :</subfield>
    <subfield code="b">Centro Cultural Poveda,</subfield>
    <subfield code="b">Ediciones MSC,</subfield>
    <subfield code="c">2004.</subfield>
  </datafield>
  <datafield tag="300" ind1=" " ind2=" ">
    <subfield code="a">274 p. :</subfield>
    <subfield code="b">il., gr&#xE1;fcs. ;</subfield>
    <subfield code="c">25 cm.</subfield>
  </datafield>
  <datafield tag="504" ind1=" " ind2=" ">
    <subfield code="a">Incluye referencias bibliogr&#xE1;ficas y notas al pie de p&#xE1;ginas.</subfield>
  </datafield>
  <datafield tag="504" ind1=" " ind2=" ">
    <subfield code="a">Bibliograf&#xED;a : p. 267-274</subfield>
  </datafield>
  <datafield tag="505" ind1="0" ind2=" ">
    <subfield code="g">Prefacio: La lucha por la esperanza /</subfield>
    <subfield code="r">Ronald M. Cervero</subfield>
    <subfield code="g">Pr&#xF3;logo /</subfield>
    <subfield code="g">Leopoldo Artiles --</subfield>
    <subfield code="g">A manera de introducci&#xF3;n: tejiendo a hilos cortados --</subfield>
    <subfield code="t">El barrio un espacio creador de vida --</subfield>
    <subfield code="t">El barrio un rostro urbano de la pobreza --</subfield>
    <subfield code="t">Tipos de violencia en los barrios --</subfield>
    <subfield code="t">Los j&#xF3;venes y el tigueraje barrial --</subfield>
    <subfield code="t">Socializaci&#xF3;n, valores y trascendencia --</subfield>
    <subfield code="t">Violencia en la historia, violencia en la cultura y cultura de la violencia --</subfield>
    <subfield code="t">Atando cabos sin poder finalizar --</subfield>
    <subfield code="g">Anexos --</subfield>
    <subfield code="g">Bibliograf&#xED;a.</subfield>
  </datafield>
  <datafield tag="590" ind1=" " ind2=" ">
    <subfield code="a">Inventariado, 2018/BT</subfield>
  </datafield>
  <datafield tag="650" ind1=" " ind2="4">
    <subfield code="a">Violencia</subfield>
    <subfield code="x">Investigaciones</subfield>
    <subfield code="9">20543</subfield>
  </datafield>
  <datafield tag="650" ind1=" " ind2="4">
    <subfield code="a">Violencia</subfield>
    <subfield code="x">Aspectos morales y &#xE9;ticos</subfield>
    <subfield code="z">Rep&#xFA;blica Dominicana, Santo Domingo </subfield>
    <subfield code="9">20544</subfield>
  </datafield>
  <datafield tag="650" ind1=" " ind2="4">
    <subfield code="a">Pobreza</subfield>
    <subfield code="z">Rep&#xFA;blica Dominicana, Santo Domingo </subfield>
    <subfield code="9">20545</subfield>
  </datafield>
  <datafield tag="650" ind1=" " ind2="4">
    <subfield code="a">Pobreza</subfield>
    <subfield code="x">Aspectos sociales</subfield>
    <subfield code="z"> Rep&#xFA;blica Dominicana, Santo Domingo</subfield>
    <subfield code="9">20546</subfield>
  </datafield>
  <datafield tag="651" ind1=" " ind2="4">
    <subfield code="a">Rep&#xFA;blica Dominicana</subfield>
    <subfield code="x">Condiciones sociales</subfield>
    <subfield code="9">46</subfield>
  </datafield>
  <datafield tag="910" ind1=" " ind2=" ">
    <subfield code="a">Validado. Control de calidad. EMS</subfield>
  </datafield>
  <datafield tag="942" ind1=" " ind2=" ">
    <subfield code="2">ddc</subfield>
    <subfield code="c">LBS1</subfield>
  </datafield>
  <datafield tag="952" ind1=" " ind2=" ">
    <subfield code="0">0</subfield>
    <subfield code="1">0</subfield>
    <subfield code="7">1</subfield>
    <subfield code="8">PD</subfield>
    <subfield code="a">PD</subfield>
    <subfield code="b">PD</subfield>
    <subfield code="c">HD</subfield>
    <subfield code="d">2009-09-08</subfield>
    <subfield code="i">LF1</subfield>
    <subfield code="l">0</subfield>
    <subfield code="o">303.6 C387v</subfield>
    <subfield code="p">7394-10</subfield>
    <subfield code="r">2020-06-25</subfield>
    <subfield code="w">2020-06-25</subfield>
    <subfield code="y">LFPD</subfield>
    <subfield code="Z">No se presta</subfield>
  </datafield>
  <datafield tag="999" ind1=" " ind2=" ">
    <subfield code="c">7175</subfield>
    <subfield code="d">7175</subfield>
  </datafield>
</record>
